The geology of Hart County, Georgia. (Record no. 29265)

MARC details
000 -LEADER
fixed length control field 00896cam a22002651 4500
001 - CONTROL NUMBER
control field gs 58000212
003 - CONTROL NUMBER IDENTIFIER
control field DLC
005 - DATE AND TIME OF LATEST TRANSACTION
control field 20260227111406.0
008 - FIXED-LENGTH DATA ELEMENTS--GENERAL INFORMATION
fixed length control field 780826s1958 gauab b 000 0 eng c
010 ## - LIBRARY OF CONGRESS CONTROL NUMBER
LC control number gs 58000212
035 ## - SYSTEM CONTROL NUMBER
System control number (OCoLC)4171170
040 ## - CATALOGING SOURCE
Original cataloging agency U.S. Geol. Survey. Libr.
Transcribing agency UU
Modifying agency OCoLC
-- DLC
042 ## - AUTHENTICATION CODE
Authentication code premarc
050 00 - LIBRARY OF CONGRESS CALL NUMBER
Classification number QE101
Item number .A12 no. 67
082 ## - DEWEY DECIMAL CLASSIFICATION NUMBER
Classification number 557.58
100 1# - MAIN ENTRY--PERSONAL NAME
Personal name Grant, Willard Huntington.
245 14 - TITLE STATEMENT
Title The geology of Hart County, Georgia.
260 ## - PUBLICATION, DISTRIBUTION, ETC.
Place of publication, distribution, etc. Atlanta,
Date of publication, distribution, etc. 1958.
300 ## - PHYSICAL DESCRIPTION
Extent viii, 75 p.
Other physical details illus., maps (1 col.), diagrs., tables.
Dimensions 23 cm.
490 1# - SERIES STATEMENT
Series statement Georgia. Dept. of Mines, Mining, and Geology. Bulletin
Volume/sequential designation no. 67
500 ## - GENERAL NOTE
General note Part of illustrative matter fold. in pocket.
504 ## - BIBLIOGRAPHY, ETC. NOTE
Bibliography, etc. note Bibliography: p. 73-75.
650 #0 - SUBJECT ADDED ENTRY--TOPICAL TERM
Topical term or geographic name entry element Geology
Geographic subdivision Georgia
-- Hart County.
810 10 - SERIES ADDED ENTRY--CORPORATE NAME
Corporate name or jurisdiction name as entry element Georgia.
Subordinate unit Department of Mines, Mining, and Geology.
Title of a work Bulletin
Volume/sequential designation no. 67.

No items available.

Powered by Koha